59th Euroconstruct Conference (Record no. 105041)

MARC details
000 -LEADER
fixed length control field 01001cam a2200193 4500
001 - CONTROL NUMBER
control field ##L1312157
008 - FIXED-LENGTH DATA ELEMENTS--GENERAL INFORMATION
fixed length control field 051216n2005 000 0 eng u
035 ## - SYSTEM CONTROL NUMBER
System control number (Sirsi) u132157
041 0# - LANGUAGE CODE
Language code of text/sound track or separate title eng
050 ## - LIBRARY OF CONGRESS CALL NUMBER
Classification number 338.4369094 $2 18
110 2# - MAIN ENTRY--CORPORATE NAME
Corporate name or jurisdiction name as entry element Euroconstruct
Subordinate unit Conference
Number of part/section/meeting (59th :
Date of meeting or treaty signing 2005
Location of meeting Cardiff)
9 (RLIN) 4858
245 00 - TITLE STATEMENT
Title 59th Euroconstruct Conference
Remainder of title Cardiff 2005
260 ## - PUBLICATION, DISTRIBUTION, ETC.
Place of publication, distribution, etc. London
Name of publisher, distributor, etc. Experian
Date of publication, distribution, etc. 2005
300 ## - PHYSICAL DESCRIPTION
Extent 2
Type of unit v.
Dimensions 30cm.
505 2# - FORMATTED CONTENTS NOTE
Formatted contents note Country reports: Austria; Belgium; Czech Republic; Denmark; Finland; France; Hungary; Ireland; Italy; Netherlands; Norway; Poland; Portugal; Slovak Republic; Spain; Sweden; Switzerland; United Kingdom
505 2# - FORMATTED CONTENTS NOTE
Formatted contents note Summary report: prospects for European construction market - 2005-2007; overview of the European economic forecasts; the European housing market; the European non-residential building market; the European civil engineering market; summary of the European construction markets
690 ## - LOCAL SUBJECT ADDED ENTRY--TOPICAL TERM (OCLC, RLIN)
Topical term or geographic name as entry element BUILT ENVIRONMENT-CONSTRUCTION MARKET
942 ## - ADDED ENTRY ELEMENTS (KOHA)
Suppress in OPAC 0
Holdings
Withdrawn status Lost status Source of classification or shelving scheme Damaged status Not for loan Home library Current library Shelving location Date acquired Cost, normal purchase price Total Checkouts Full call number Barcode Date last seen Copy number Cost, replacement price Price effective from Koha item type
    Dewey Decimal Classification     London London Folio 16/01/2006 1000.00   F338.4369094 EUR 30071880 06/08/2019 1 1000.00 06/08/2019 Reference material